| 000 | 01012cam a2200145 4500500 | ||
|---|---|---|---|
| 005 | 20260405065409.0 | ||
| 041 | _afre | ||
| 042 | _adc | ||
| 100 | 1 | 0 |
_aGuglielmi, Gilles J. _eauthor |
| 700 | 1 | 0 |
_aHaroche, Claudine _eauthor |
| 245 | 0 | 0 | _aEsprit de corps, démocratie et espace public |
| 260 |
_bPresses Universitaires de France,
_c2005. |
||
| 520 | _aL’esprit de corps fait depuis longtemps partie du vocabulaire courant mais reste difficile à cerner. Il relève des processus de socialisation qui déterminent tous les groupes humains, il assure d’une certaine cohérence l’idée d’institutionnalisation et à l’inverse est perçu comme à l’origine d’un possible dévoiement du sentiment d’identité professionnelle ou sociale. ce travail collectif met à jour les origines, les ambiguïtés et les modes de fonctionnement de l’esprit de corps. | ||
| 856 | 4 | 1 | _uhttps://shs.cairn.info/esprit-de-corps-democratie-et-espace-public--9782130546597?lang=fr&redirect-ssocas=7080 |
| 999 |
_c2195629 _d2195629 |
||